Zamestnanosť, vzdelanosť a príjmy v high-tech odvetviach v krajinách EÚ diplomová práca

Uložené v:
Podrobná bibliografia
Hlavný autor: Bajdich, Andrej
Korporativný autor: Fakulta hospodárskej informatiky EU. Katedra štatistiky
Ďalší autori: Sipková, Ľubica, 1962-
Médium: Kniha
Jazyk:Slovak
Vydavateľské údaje: Bratislava 2009
Tagy: Pridať tag
Žiadne tagy, Buďte prvý, kto otaguje tento záznam!

MARC

LEADER 00000nam$a2200000$$$4500
001 0103902
005 20240319125210.1
041 0 |a slo 
044 |a SK 
245 1 0 |a Zamestnanosť, vzdelanosť a príjmy v high-tech odvetviach v krajinách EÚ  |b diplomová práca  |c Andrej Bajdich ; škol. Ľubica Sipková 
264 1 |a Bratislava  |c 2009 
300 |a 65 s. 
100 1 |a Bajdich, Andrej 
700 1 |a Sipková, Ľubica, 1962- 
710 2 |a Fakulta hospodárskej informatiky EU. Katedra štatistiky